000 01098nam a2200289 i 4500
001 170163
003 ES-MaACL
005 20250809151247.0
008 090206s2002 fr |||| | fre d
020 _a2-227-13951-X
080 _a94(3):222/224
080 _a94(=411.16)".../-0586"
080 _a902:22
100 1 _aFinkelstein, Israel.
_9139381
245 1 3 _aLa Bible dévoilée
_b: les nouvelles révélations de l'archéologie /
_cIsrael Finkelstein et Neil Asher Silberman ; traduit de l'anglais (États-Unis) par Patrice Ghirardi.
260 _aParis :
_bBayard,
_c2002.
300 _a432 p. :
_bil., mapas ;
_c24 cm.
500 _aÍndice.
504 _aBibliografía: p.403-422.
594 _aTít. original: The Bible unearthed.
630 0 _aBiblia-
_xHistoria de los hechos contemporáneos.
_9119243
650 4 _aJudíos-
_xHistoria-
_yHasta 586 a.C.
_9139383
650 7 _aArqueología bíblica
_2embne
_99981
700 1 _aSilberman, Neil Asher.
_9139382
852 4 _aES-MaACL
_jE-12420
_9R.140613
_z. - Biblioteca Jacinto Martínez Lacalle
999 _c170163
_d170163